Quiz histoire alphabet #10 - Statistiques

Statistiques générales
  • Ce quiz a été pris 121 fois
  • Le résultat moyen est 14 sur 26
Statistiques - réponses
Lettre Indice Réponse % Correct
J Célèbre tableau de Léonard de Vinci exposé au Louvre La Joconde
94%
A Capitale de la Turquie Ankara
91%
C Roi des Francs issu de la dynastie des Mérovingiens Clovis Ier
84%
D Ville du Texas dans laquelle sera assassiné Kennedy en 1963 Dallas
79%
V Penseur des Lumières, auteur de Candide ou encore Zadig Voltaire
79%
O Drogue apparue en Chine au XVème siècle Opium
78%
Z Terme désignant un mort-vivant issue de la culture vaudou haïtienne Zombie
77%
E Ouvrage publié par les Lumières Diderot et d'Alembert Encyclopédie
76%
F Une des trois régions de la Belgique Flandre
75%
I Déesse de l'Egypte antique, sœur et épouse d'Osiris Isis
73%
B Pays dans les Balkans majoritairement musulman Bosnie-Herzégovine
70%
N Déesse grecque de la victoire à l'origine de la marque Nike Niké
67%
P Cette capitale européenne subira un envoie de chars de la part de l'URSS en 1968 Prague
67%
L Prêtre augustin du XVème siècle initiateur du protestantisme Martin Luther
62%
G Homme politique nazi, chargé de la propagande du parti Joseph Goebbels
54%
K Titre désignant les dirigeants mongols Khan
50%
U Ville la plus méridionale de l'Argentine, c'est également la capitale de Terre de Feu Ushuaïa
47%
Q Dernière dynastie chinoise à avoir régner sur l'Empire de Chine Qing
38%
H Premier président du Vietnam en 1954 Hô Chi Minh
37%
M Région de la Chine occupée par les Japonais de 1931 à 1945 Mandchourie
33%
W Chevalier écossais, figure principale de la résistance écossaise contre l'Angleterre William Wallace
21%
Y Dans la mythologie nordique il s'agit du père des géants. Dans les légendes Odin aurait créer le monde à partir de son corps Ymir
11%
X Peuple d'Afrique du Sud dont était originaire Nelson Mandela Xhosa
10%
S Premier président de la république indonésienne dont il à proclamé l'indépendance le 17 août 1945 Soekarno
8%
R Tueur en série américain d'origine mexicaine, c'est l'un des tueurs les plus redoutables ayant commis 14 meurtres et 11 viols Richard Ramirez
5%
T Grand vizir de l'Empire ottoman, il est le principal organisateur du génocide arménien Talaat Pacha
1%
Aucun quiz correspondant
Distribution des résultats
% des personnes avec chaque résultat
Percentile par nombre de réponses
Votre historique - résultats
Vous n’avez pas pris ce quiz